TOTÁLNA DEMOKRACIA

Bibliographic Details
Main Author: Hatala, Štefan, 1915-1990 (Author)
Format: Article
Language:Slovak

MARC

LEADER 00000nab a2200000 a 4500
001 vtls011123393
003 SK-MaSNL
005 20260303143726.0
008 230222| xo |||||||||||||||||slo|
015 |a SNBRB 
035 |a (uuid)c0e9ef48-3b8d-4483-895b-bdcc4cc50c05 
035 |a (urnnbn)urn:nbn:sk:snk:ar-a0924r 
035 |a urn:nbn:sk:snk-ab9w78 
040 |a SNKBUCL  |b slo  |c SNKBUCL  |e AACR2 
041 0 |a slo 
044 |a xo  |c SK 
100 1 |a Hatala, Štefan,  |d 1915-1990  |4 aut  |9 165701 
245 1 0 |a TOTÁLNA DEMOKRACIA  |c Štefan Hatala 
773 0 |t Verbum : časopis pre kresťanskú kultúru  |g Roč. 1, č. 9 (1946-1947), s. 464-465 
954 |a odborná, vedecká literatúra pôvodná (slovenská)  |2 lita 
958 |a OND 
958 |a EUIPO 
958 |a article13 
999 |c 1992003  |d 1993933